000 00691nam a2200277Ia 4500
005 20260324141657.0
008 008 260324s9999 xx 000 0 eng d
020 _a9781315821023
037 _aEBOOK
040 _aCRL
040 _beng
040 _cCRL
041 _2eng
041 _aeng
084 _qCRL
100 _aSiegfried L. Sporer; Roy S. Malpass; Guenter Koehnken
_91209086
245 0 _aPsychological Issues in Eyewitness Identification
260 _bTaylor and Francis
260 _c1996
365 _a
365 _b195
856 _uhttp://www.taylorfrancis.com/books/9781315821023
942 _cEBOOK
999 _c1812439
_d1812439